| 000 | 01271nam a2200301 i 4500 | ||
|---|---|---|---|
| 003 | EG-GICUC | ||
| 005 | 20260326222113.0 | ||
| 008 | 260326s2006 ua ||||fr|||| 00| 0 ara d | ||
| 040 |
_a EG-GICUC _bara _c EG-GICUC _d EG-GICUC _erda |
||
| 041 | 0 | _aara | |
| 082 | 0 | 4 |
_221 _a345.82228 _bا ل . ا |
| 092 | 0 | 4 | _221 |
| 099 | _aLaw1 07 345.82228 ا ل . ا 2006 | ||
| 100 | 0 |
_aالسيد خليل هيكل _eمؤلف. |
|
| 245 | 1 | 2 |
_aالطعن في القرار الإدارى الأمريكي وساطة القاضى فى نظر الدعوى : _bدارسة مقارنة / _cالأستاذ الدكتور السيد خليل هيكل. |
| 264 |
_aالقاهرة : _bدار النهضة العربية، _c[2006]. |
||
| 300 |
_a147 ؛ صفحة _c24 سم. |
||
| 336 |
_2rda content _atext |
||
| 337 |
_2rda media _aComputer |
||
| 338 |
_2rda carrier _aOnline Resource |
||
| 504 | _aببليوجرافيا : صفحة139-142. | ||
| 546 | _aالنص باللغة العربية | ||
| 650 | 1 | 4 | _aالاختصاص بالطعون ضد قرارات الجهات الإدارية ذات الاختصاص القضائي |
| 650 | 1 | 4 | _aالقانون الإداري |
| 856 | 4 | 0 | _uhttps://fll.law.cu.edu.eg/fulltext/bks/B07-03877.pdf |
| 905 | _a77 | ||
| 942 |
_2ddc _cBK _e21 _n0 |
||
| 999 |
_c67040 _d67040 |
||